Images That End in 'X' Quiz Stats

 Plays Quiz Updated Aug 23, 2015

Challenge
Share
Tweet
Score 0/20 Timer 04:00
3 Plays Today
Image Word % Correct
Fax
95.2%
Twix
93.1%
Fox
92.3%
Sphinx
91.4%
Ox
90.5%
Crucifix
86.6%
Flex
85.8%
Lynx
84.8%
(White) Sox
82.9%
Mix
82.3%
Image Word % Correct
Phoenix
81.7%
Reflex
78.8%
Mailbox
76.1%
Duplex
72.2%
Onyx
70.9%
Lorax
69.6%
Latex
67.4%
Six
66.5%
Alex
65.8%
Ibex
50.9%

You're not logged in!

Compare scores with friends on all Sporcle quizzes.
Join for Free
OR
Log In

You Might Also Like...

Show Comments

Extras

Top Quizzes Today


Score Distribution

Your Account Isn't Verified!

In order to create a playlist on Sporcle, you need to verify the email address you used during registration. Go to your Sporcle Settings to finish the process.

Report this User

Report this user for behavior that violates our Community Guidelines.

Details: